| 000 | 00999nam a22002537a 4500 | ||
|---|---|---|---|
| 005 | 20240530110903.0 | ||
| 008 | 220209s2008 ua b 000 0 ara d | ||
| 017 |
_bمصر. دار الكتب _a22808 |
||
| 020 | _a9770523461 | ||
| 040 |
_aEG-CaGPL _cEG-CaGPL |
||
| 082 | 0 | 4 |
_221 _a306.87/ _bم ع |
| 100 | 0 | _aمحمود سعيد الخولى | |
| 245 | 1 | 2 |
_aالعنف فى مواقف الحياة اليومية : _bنطاقات وتفاعلات / _cتاليف محمود سعيد الخولى ؛ تقديم عادل عبدالله محمد |
| 250 | _aط.1 | ||
| 260 |
_aالقاهرة : _bمكتبة الانجلو المصرية ، _c2008 |
||
| 300 |
_a182 ص؛ _c24 سم |
||
| 490 | 0 |
_aسلسلة قضايا العنف ؛ _v1 |
|
| 504 | _aيشتمل على ارجاعات ببليوجرافية | ||
| 650 | 0 | 7 |
_2qrmak _aالعنف |
| 651 | _2qrmak | ||
| 700 | 0 |
_aعادل عبدالله محمد _eمقدم |
|
| 942 |
_2ddc _cBK |
||
| 999 |
_c66165 _d66165 |
||